Statistics for 10 Largest Countries by Letter contained

Click here to take the quiz!

General Stats

  • This quiz has been taken 62 times
  • The average score is 61 of 89

Answer Stats

Answer% Correct
Russia
98%
China
96%
UK
96%
USA
96%
Argentina
94%
Australia
94%
Brazil
94%
France
94%
India
94%
Canada
92%
Mexico
92%
Germany
90%
Japan
90%
Ukraine
90%
Venezuela
90%
Algeria
88%
Indonesia
88%
Iraq
88%
Pakistan
86%
Peru
86%
DRC
84%
Egypt
84%
Iran
84%
Mongolia
84%
Saudi Arabia
84%
Sweden
84%
Vietnam
84%
Colombia
82%
Ethiopia
82%
Kazakhstan
82%
Libya
82%
Sudan
82%
Chad
80%
Turkmenistan
80%
Zambia
80%
Angola
78%
New Zealand
78%
South Africa
78%
Zimbabwe
78%
Afghanistan
76%
Bolivia
76%
Chile
76%
Kenya
76%
Niger
76%
Spain
76%
Yemen
76%
Mozambique
73%
Thailand
73%
Uzbekistan
73%
Malaysia
71%
Mali
71%
Namibia
71%
Nigeria
71%
Norway
71%
Tanzania
71%
Turkey
71%
Botswana
69%
Jordan
69%
Qatar
69%
Tajikistan
69%
Finland
67%
Madagascar
67%
Paraguay
67%
CAR
63%
Jamaica
63%
Mauritania
63%
South Sudan
63%
Kyrgyzstan
59%
PNG
57%
Azerbaijan
55%
Myanmar
53%
Burkina Faso
47%
Equatorial Guinea
43%
Switzerland
43%
Djibouti
41%
Fiji
37%
Rwanda
37%
Luxembourg
29%
Malawi
29%
Bosnia & Herz.
27%
Taiwan
27%
Cote d'Ivoire
24%
FSOM
18%
Latvia
18%
Slovakia
16%
Slovenia
16%
Moldova
12%
El Salvador
8%
RC
2%

Score Distribution

Percentile by Number Answered

Percent of People with Each Score

Your Score History

You have not taken this quiz